000
00297nam a2200121Ia 4500
008
160319s9999 xx 000 0 und d
020
_a
9719285516
050
_b
R627n 2005
245
_a
Noli Me Tangere /
260
_b
Alberto Enrico Educational Center
260
_c
2005
300
_a
539 pages :
999
_c
292327
_d
292327